• 首页
  • 本馆介绍
  • 公告通知
  • 最新文献
  • 馆藏检索
  • 电子资源
  • 读者导购
  • 参考咨询
  • 我的图书馆
  • 登录
  • 详细信息显示
  • 放入我的书架
  • 预约/预借图书
  • 作者相关作品
  • 分类相关作品
  • 丛书相关作品
  • 出版社相关作品

书目信息

  • 表格格式
  • 工作单格式
  • 卡片格式
题名:
中国古代包装艺术史
    
 
作者: 朱和平 著
分册:  
出版信息: 北京   人民出版社  2016
页数: 796页
开本: 25cm
丛书名:
单 册:
中图分类: TB482
科图分类:
主题词: 包装设计--bao zhuang she ji--工艺美术史--中国--古代
电子资源:
ISBN: 978-7-01-017513-3
000 01077nam0 2200265 450
001 012017000057
005 20180111085747.93
010    @a978-7-01-017513-3@b精装@dCNY198.00
100    @a20170603d2016 em y0chiy0121 ea
101 0  @achi
102    @aCN@b110000
105    @aak a 000yy
106    @ar
200 1  @a中国古代包装艺术史@Azhong guo gu dai bao zhuang yi shu shi@f朱和平著@g
210    @a北京@c人民出版社@d2016
215    @a796页@c图@d25cm
314    @a朱和平, 湖南工业大学校长助理, 二级教授, 博士生导师。
320    @a有书目
330    @a本书从研究设计历史入手, 并结合不同历史时期的社会、文化、经济、思潮, 对中国古代包装的功能、材料运用、造型元素与装饰艺术进行全面、准确的文化阐释, 以掌握古代各区域、各时期、各民族包装的特征, 解决人类造物史上一系列有关包装实践活动发展演变的问题, 勾勒与构建了中国古代包装艺术发展史的线索和理论体系。
606 0  @a包装设计@Abao zhuang she ji@x工艺美术史@y中国@z古代
690    @aTB482@v5
701  0 @a朱和平@Azhu he ping@4著
801  0 @aCN@b湖北三新@c20170925@g
905    @aBZT@dTB482@e2
906    @dCNY198.00@n5@r1
    
    中国古代包装艺术史/朱和平著.-北京:人民出版社,2016
    796页:图;25cm
    
    
    ISBN 978-7-01-017513-3(精装):CNY198.00
    本书从研究设计历史入手, 并结合不同历史时期的社会、文化、经济、思潮, 对中国古代包装的功能、材料运用、造型元素与装饰艺术进行全面、准确的文化阐释, 以掌握古代各区域、各时期、各民族包装的特征, 解决人类造物史上一系列有关包装实践活动发展演变的问题, 勾勒与构建了中国古代包装艺术发展史的线索和理论体系。
●
相关链接 在五车中查询图书 在当当中查询图书 在豆瓣中查询图书


正题名:中国古代包装艺术史     索取号:TB482/2         预约/预借

序号 登录号 条形码 馆藏地/架位号 状态 备注
1 846959   2000846959   第二书库/ [索取号:TB482/2] 在馆    
2 846960   2000846960   第二书库/ [索取号:TB482/2] 在馆    
3 846961   2000846961   第二书库/ [索取号:TB482/2] 在馆    
山东省滨州职业学院图书馆 欢迎您!
大连网信软件有限公司© 版权所有